000 00311 a2200157 4500
001 169266
020 _a
040 _cMagnum
100 _aCamargo, Luiz O. Lima
240 1 0 _aO que e lazer
_lpor
245 1 0 _aO que e lazer
362 0 _a1899
440 1 _aBrasiliense
697 _aENSINO
942 _cBK
999 _c169266
_d169266